हिंदी मुहावरा कोश/ (Record no. 199213)

MARC details
000 -LEADER
fixed length control field 00717nam a22001817a 4500
005 - DATE AND TIME OF LATEST TRANSACTION
control field 20231124130536.0
010 ## - LCCN (DPL NO)
LC control number HIN-126370
020 ## - INTERNATIONAL STANDARD BOOK NUMBER
International Standard Book Number 9788189198909
Terms of availability 895.00
035 ## - SYSTEM CONTROL NUMBER
System control number HN-98716
037 ## - SOURCE OF ACQUISITION
Source of stock number/acquisition DBAD/PUB.
082 ## - DEWEY DECIMAL CLASSIFICATION NUMBER
Classification number 423.1
100 ## - MAIN ENTRY--PERSONAL NAME
Personal name कांता आनंद
245 ## - TITLE STATEMENT
Title हिंदी मुहावरा कोश/
Statement of responsibility, etc कांता आनंद
260 ## - PUBLICATION, DISTRIBUTION, ETC. (IMPRINT)
Place of publication, distribution, etc नई दिल्ली
Name of publisher, distributor, etc हरबंस लाल एंड संस
Date of publication, distribution, etc 2021
270 ## - ADDRESS
Address डी-38 निहाल विहार
City नई दिल्ली
Postal code 110041
300 ## - PHYSICAL DESCRIPTION
Extent 304 पृष्ट
Dimensions 23सेमी (सजिल्द)
942 ## - ADDED ENTRY ELEMENTS (KOHA)
Institution code [OBSOLETE] DPL
Item type Hindi Books
Source of classification or shelving scheme Dewey Decimal Classification
Classification part 423.1
Call number suffix कांताआ
Holdings
Withdrawn status Lost status Not for loan Collection code Home library Current library Date acquired Source of acquisition Cost, normal purchase price Full call number Barcode Copy number Cost, replacement price Koha item type
      Non-fiction Vinoba Puri Vinoba Puri 24/11/2023 DBAD/PUB 895.00 423.1 कांताआ HN-98716 1 895.00 Hindi Books

© Delhi Public Library
Hit Counter
free hit counter